000 01037nam a2200301Ia 4500
001 10967
003 IT-RoPAU
008 130308s9999 xx 000 0 und d
040 _aIT-RoPAU
040 _cIT-RoPAU
041 _aFRANCESE
100 _aZacharia Michele
100 _gCodice Aut. SPICS: 3204
245 _aEcriture utilitaire (L')
245 _bSavoir Ecrire Moderne (Le)
250 _a1a ed.
260 _aPARIS
260 _bRetz
260 _c1980 [1° Ed.:1980 - Ed.Ling.Originale:1980]
300 _a"47 p. (prefazione: no ; testo: 47 [pagine: 563-609])"
500 _aCaratteristiche della Scrittura Utilitaria Funzioni del Linguaggio e Imperativi delle Scritture Utilitarie Abbreviazioni Classificazioni Illustrazioni grafici Tabelle scelta del vocabolario redazione Visualizzata Annotazionidocumenti Rendiconti curriculum Vitae contenuti lettere Rapporti
650 _aSAGGI DI LINGUISTICA
650 _eCodice materia Spics: 3207
942 _cBK
957 _71
999 _c39895
_d39895
999 _bSI
999 _g1